Manufacturing processes
Gardado en:
| Autor Principal: | |
|---|---|
| Formato: | Libro |
| Idioma: | Undetermined |
| Publicado: |
New York
John Wiley
1957
|
| Những chủ đề: | |
| Các nhãn: |
Engadir etiqueta
Sen Etiquetas, Sexa o primeiro en etiquetar este rexistro!
|
| Thư viện lưu trữ: | Trung tâm Học liệu Trường Đại học Cần Thơ |
|---|
| LEADER | 00466nam a2200169Ia 4500 | ||
|---|---|---|---|
| 001 | CTU_11692 | ||
| 008 | 210402s9999 xx 000 0 und d | ||
| 082 | |a 621.902 | ||
| 082 | |b B416 | ||
| 100 | |a Myron L Begeman | ||
| 245 | 0 | |a Manufacturing processes | |
| 245 | 0 | |c Myron L Begeman | |
| 260 | |a New York | ||
| 260 | |b John Wiley | ||
| 260 | |c 1957 | ||
| 650 | |a industrial engeering,mechanical engineering | ||
| 980 | |a Trung tâm Học liệu Trường Đại học Cần Thơ | ||